Minna's MASKS / (Record no. 204125)

MARC details
000 -LEADER
fixed length control field 01347nam a22002657a 4500
003 - CONTROL NUMBER IDENTIFIER
control field OSt
005 - DATE AND TIME OF LATEST TRANSACTION
control field 20260507114428.0
008 - FIXED-LENGTH DATA ELEMENTS--GENERAL INFORMATION
fixed length control field 260507s2025 enka ar 000 1 eng d
020 ## - INTERNATIONAL STANDARD BOOK NUMBER
International Standard Book Number 9780241687925
Terms of availability RM 58.50
Qualifying information paperback
040 ## - CATALOGING SOURCE
Original cataloging agency PPAK
Language of cataloging eng
Transcribing agency PPAK
Description conventions rda
082 04 - DEWEY DECIMAL CLASSIFICATION NUMBER
Edition number 23
Classification number 823.92
090 00 - LOCALLY ASSIGNED LC-TYPE CALL NUMBER (OCLC); LOCAL CALL NUMBER (RLIN)
Classification number (OCLC) (R) ; Classification number, CALL (RLIN) (NR) 823.92
Feature heading GOO
Feature heading K
100 1# - MAIN ENTRY--PERSONAL NAME
Personal name Gooding, Louise,
Relator term author.
245 10 - TITLE STATEMENT
Title Minna's MASKS /
Statement of responsibility, etc. Written by Louise Gooding ; Illustrated by Irina Avgustinovich.
264 #1 - PRODUCTION, PUBLICATION, DISTRIBUTION, MANUFACTURE, AND COPYRIGHT NOTICE
Place of production, publication, distribution, manufacture London :
Name of producer, publisher, distributor, manufacturer Dorling Kindersley Limited,
Date of production, publication, distribution, manufacture, or copyright notice 2025
336 ## - CONTENT TYPE
Content type term text
Source rdacontent
337 ## - MEDIA TYPE
Media type term unmediated
Source rdamedia
338 ## - CARRIER TYPE
Carrier type term volume
Source rdacarrier
500 ## - GENERAL NOTE
General note From the author of Wonderfully Wired Brains --Cover
520 ## - SUMMARY, ETC.
Summary, etc. Meet Minna. When Minna needs to feel brave, she wears a mask, when she meets new people, she wears a mask. On Minna's first day at a new school, she realises she's left her masks at home and starts to feel very nervous indeed. Things are too loud and too noisy - what if she says the wrong thing or does something silly? But when a classmate shows Minna the mask in his back pocket, she realises she's not alone. Perhaps it is possible to be accepted - with or without a mask
650 10 - SUBJECT ADDED ENTRY--TOPICAL TERM
Topical term or geographic name entry element Neurodiversity
Form subdivision Juvenile fiction
655 #7 - INDEX TERM--GENRE/FORM
Genre/form data or focus term Picture books.
700 1# - ADDED ENTRY--PERSONAL NAME
Personal name Avgustinovich, Irina,
Relator term illustrator.
942 ## - ADDED ENTRY ELEMENTS (KOHA)
Source of classification or shelving scheme Dewey Decimal Classification
Koha item type Book
Holdings
Withdrawn Not for loan Current library Shelving location Date acquired Total Checkouts Full call number Barcode Date last seen Koha item type
    Perpustakaan Alor Setar Pinjaman Kanak-kanak 12/05/2026   K 823.92 GOO A01916421 12/05/2026 Book